MARC details
| 000 -CABECERA |
| campo de control de longitud fija |
00922nam a2200205 a 4500 |
| 005 - FECHA Y HORA DE LA ÚLTIMA TRANSACCIÓN |
| campo de control |
20210219160138.0 |
| 008 - ELEMENTOS DE LONGITUD FIJA--INFORMACIÓN GENERAL |
| campo de control de longitud fija |
080818s2000 mx r 000 0 spa d |
| 035 ## - NÚMERO DE CONTROL DEL SISTEMA |
| Número de control de sistema |
UPN01000159349 |
| 049 ## - COLECCIÓN |
| Colección |
UNE |
| 080 ## - NÚMERO DE CLASIFICACIÓN DECIMAL UNIVERSAL |
| Número de la Clasificación Decimal Universal |
37 (549.3) 1978-80 BRE. |
| 245 00 - MENCIÓN DE TÍTULO |
| Título |
Breve informe del desarrollo de la educación en bangladesh de 1978 a 1980 / |
| Mención de responsabilidad, etc. |
traducción de Rocio Uribe Preciado. |
| 260 ## - PUBLICACIÓN, DISTRIBUCIÓN, ETC. |
| Lugar de publicación, distribución, etc. |
México : |
| Nombre del editor, distribuidor, etc. |
SEP, Dirección General de Relaciones Internacionales ; |
| Lugar de publicación, distribución, etc. |
Bangladesh : |
| Nombre del editor, distribuidor, etc. |
Ministerio de Educación, |
| Fecha de publicación, distribución, etc. |
19- |
| 300 ## - DESCRIPCIÓN FÍSICA |
| Extensión |
31 p. : |
| Otras características físicas |
fot. |
| 500 ## - NOTA GENERAL |
| Nota general |
Reporte presentado en la 38a. Reunión de la Conferencia Internacional de Educación, Ginebra : 1981. |
| 690 ## - PUNTO DE ACCESO ADICIONAL DE MATERIA LOCAL--TÉRMINO DE MATERIA (OCLC, RLIN) |
| Término de materia o nombre geográfico como elemento inicial |
Educacion - Bangladesh |
| 690 ## - PUNTO DE ACCESO ADICIONAL DE MATERIA LOCAL--TÉRMINO DE MATERIA (OCLC, RLIN) |
| Término de materia o nombre geográfico como elemento inicial |
Desarrollo de la educacion - Bangladesh |
| 710 1# - ASIENTO SECUNDARIO - NOMBRE CORPORATIVO |
| Nombre de entidad corporativa o nombre de jurisdicción como elemento de entrada |
México. |
| Unidad subordinada |
Secretaría de Educación Pública. |
| -- |
Dirección General de Relaciones Internacionales |
| 710 1# - ASIENTO SECUNDARIO - NOMBRE CORPORATIVO |
| Nombre de entidad corporativa o nombre de jurisdicción como elemento de entrada |
Bangladesh. |
| Unidad subordinada |
Ministerio de Educación |
| 905 ## - TIPO DE MATERIAL |
| Tipo de material |
UNESCO |